00337nam a2200121Ia 4500008004100000020001400041050001500055100002200070245004900092260003700141300002400178650001300202150202s9999 xx 000 0 und d a553273973 aFIC bFIC  aPincher, Chapman. aTheir trade is treachery /cChapman Pincher. aNew York :bBantam Books,c1988. a317 pages :c18 cm. aFiction.